000 00924nam a2200229Ia 4500
001 9714
003 GE_BSU
008 181216s||||||||xx |||||||||||||| ||und||
040 _cGE_BSU
080 _a821.353.1–32
100 _aნაკაშიძე,ნინო
245 _aთხზულებანი: მოთხრობები
245 _cშემდგ.და წინასიტყვ.ავტ.ვლ.ზამბახიძე.სარედ.კოლ.ნ.ალანია.რ. ინანიშვილი.ნ.კეცხოველი და სხვ.
260 _aთბილისი
260 _bნაკადული
260 _c1973
300 _a242გვ.20სმ.
300 _cლექსიკონი გვ.232-237
520 _aშენიშვნ.გვ.238-241
653 _aთხზულებანი: მოთხრობები
942 _cBK
999 _c42997
_d42997